00394nam a2200157Ia 450000500170000000800410001704000190005804100120007708200130008910000280010224500410013026000300017130000110020165000140021285000100022620230821095301.0131103s9999 xx 000 0 und d aLoreto College aEnglish a922bROG aJohns, Adela Rogers St. aFinal verdictcAdela Rogers St Johns aNew YorkbDoubledayc1962 a512p.  aBiography aLCLIB